00241nam a2200097Ia 4500008004000000082001600040100001900056245002000075260004000095300000800135210210b1974 xxu||||| |||| 00| 0 eng d a820.43 NARR aNARAYAN (R K). aReluctant guru. aDelhibHind Pocket Book Ltd.,c1974 a173